[Event "Lancaran op-A"]
[Site "Lancaran"]
[Date "2025.07.13"]
[Round "9"]
[White "Gurbanov, Huseyn"]
[Black "Budagova, Leyla"]
[Result "0-1"]
[WhiteElo "1845"]
[BlackElo "1781"]
[PlyCount "98"]
[EventDate "2025.07.07"]
[EventType "swiss"]
[EventRounds "9"]
[EventCountry "AZE"]
[SourceTitle "CB29_2025"]
[SourceDate "2025.07.16"]
[SourceVersion "1"]
[SourceVersionDate "2025.07.16"]
[SourceQuality "1"]

1. e4 c5 2. Nf3 Nc6 3. Bb5 d6 4. Bxc6+ bxc6 5. 0-0 e5 6. c3 Nf6 7. Re1 Be7 8. d4 cxd4 9. cxd4 Qc7 10. h3 0-0 11. Nc3 Bb7 12. Qc2 Rac8 13. b3 Nd7 14. dxe5 dxe5 15. Bb2 Rfe8 16. Rac1 Qa5 17. a3 Bf6 18. Red1 Nb6 19. Ne1 Bg5 20. Rb1 c5 21. Nd5 c4 22. Nf3 Bxd5 23. exd5 Bf6 24. d6 c3 25. Bc1 e4 26. Nd4 Red8 27. Bf4 Nd5 28. Ne2 Nxf4 29. Nxf4 Qe5 30. Nd5 Rxd6 31. Ne3 Rxd1+ 32. Rxd1 h5 33. Nc4 Qe7 34. Re1 Re8 35. Kf1 Bd4 36. b4 Qc7 37. Ne3 Qh2 38. Nf5 Qe5 39. Ne3 g6 40. g3 h4 41. Ng4 Qb5+ 42. Kg2 hxg3 43. fxg3 e3 44. Re2 Qc6+ 45. Kh2 Qe4 46. Qa4 Kg7 47. Qd7 c2 48. Qc7 Re7 49. Qc4 Bb2 0-1

[Event "Lancaran op-A"]
[Site "Lancaran"]
[Date "2025.07.11"]
[Round "7"]
[White "Gurbanov, Huseyn"]
[Black "Huseynova, Lala"]
[Result "0-1"]
[WhiteElo "1845"]
[BlackElo "2045"]
[PlyCount "122"]
[EventDate "2025.07.07"]
[EventType "swiss"]
[EventRounds "9"]
[EventCountry "AZE"]
[SourceTitle "CB29_2025"]
[SourceDate "2025.07.16"]
[SourceVersion "1"]
[SourceVersionDate "2025.07.16"]
[SourceQuality "1"]

1. b3 Nf6 2. Bb2 g6 3. e4 d6 4. d3 Bg7 5. f4 0-0 6. Nf3 c5 7. g3 b6 8. Bg2 Bb7 9. 0-0 Nc6 10. Qe2 Qc7 11. Nbd2 Rfe8 12. e5 Nd5 13. c4 Ndb4 14. e6 Nd8 15. exf7+ Nxf7 16. Bxg7 Kxg7 17. Ne4 Nc6 18. Qb2+ Kg8 19. Nh4 Nd4 20. f5 g5 21. Nf3 Nxf3+ 22. Bxf3 h6 23. Qg2 Rab8 24. Rae1 Ne5 25. Qd2 Kh7 26. Bh5 Rf8 27. Qe3 Bc6 28. Rf2 Bxe4 29. Qxe4 Rf6 30. Bf3 Rbf8 31. Qe2 e6 32. Be4 Kg7 33. Ref1 exf5 34. Rxf5 Rxf5 35. Bxf5 Qe7 36. Qe4 Qc7 37. Rf2 Qc6 38. Qe3 Qe8 39. Kg2 Qa8+ 40. Kg1 Qd8 41. Qe4 Qa8 42. Qe3 Rf7 43. d4 cxd4 44. Qxd4 Rf6 45. Qe3 Qc6 46. g4 Qc5 47. Qxc5 dxc5 48. h3 Rd6 49. Re2 Kf6 50. Be4 a5 51. Bd5 Ng6 52. Re8 Nf4 53. Rh8 Ke5 54. Kf2 Kd4 55. Kg3 Kc3 56. h4 Kb2 57. hxg5 hxg5 58. Rg8 Rg6 59. Re8 Kxa2 60. Be4 Re6 61. Rxe6 Nxe6 0-1

[Event "Lancaran op-A"]
[Site "Lancaran"]
[Date "2025.07.09"]
[Round "4"]
[White "Novruzov, Emin"]
[Black "Gurbanov, Huseyn"]
[Result "1-0"]
[WhiteElo "1950"]
[BlackElo "1845"]
[PlyCount "87"]
[EventDate "2025.07.07"]
[EventType "swiss"]
[EventRounds "9"]
[EventCountry "AZE"]
[SourceTitle "CB29_2025"]
[SourceDate "2025.07.16"]
[SourceVersion "1"]
[SourceVersionDate "2025.07.16"]
[SourceQuality "1"]

1. e4 c5 2. Nc3 Nc6 3. g3 g6 4. Bg2 Bg7 5. d3 e6 6. Be3 d6 7. Qd2 h5 8. h3 Nge7 9. f4 b6 10. Nge2 Bb7 11. d4 cxd4 12. Nxd4 Na5 13. Qd3 0-0 14. 0-0-0 d5 15. e5 a6 16. g4 h4 17. Bf2 Bh6 18. g5 Bg7 19. Bxh4 b5 20. Bf2 b4 21. Nce2 Bc6 22. h4 Bb5 23. Qf3 Bxe2 24. Qxe2 Nc4 25. h5 Qa5 26. Kb1 Rfc8 27. Qd3 Rab8 28. Bh3 Na3+ 29. bxa3 Rc3 30. Nb3 Qxa3 31. Qd2 a5 32. Bd4 Rc6 33. Bb2 Qa4 34. Qd3 Rbb6 35. Bd4 Rb8 36. Nc5 Qb5 37. Qxb5 Rxb5 38. h6 Bf8 39. Nd7 Rc8 40. Bf1 Rb7 41. Nf6+ Kh8 42. Ba6 Rbc7 43. Bxc8 Rxc8 44. Nd7 1-0

[Event "Sheki op-B"]
[Site "Sheki"]
[Date "2025.06.25"]
[Round "9"]
[White "Gurbanov, Huseyn"]
[Black "Karimli, Yusif"]
[Result "0-1"]
[WhiteElo "1812"]
[BlackElo "1795"]
[PlyCount "104"]
[EventDate "2025.06.19"]
[EventType "swiss"]
[EventRounds "9"]
[EventCountry "AZE"]
[SourceTitle "CB27_2025"]
[SourceDate "2025.07.02"]
[SourceVersion "1"]
[SourceVersionDate "2025.07.02"]
[SourceQuality "1"]

1. b3 d5 2. Bb2 e6 3. e3 Nf6 4. f4 Be7 5. Nf3 c5 6. Bb5+ Bd7 7. Bxd7+ Nbxd7 8. 0-0 0-0 9. d3 a6 10. Nbd2 b5 11. Qe2 Qc7 12. Ne5 Nxe5 13. Bxe5 Qc6 14. g4 Nd7 15. Bb2 Rab8 16. Nf3 c4 17. g5 c3 18. Bc1 g6 19. h4 Kg7 20. Ne5 Qc7 21. d4 f5 22. Nxd7 Qxd7 23. Rf2 Rh8 24. e4 dxe4 25. Be3 Qd5 26. a4 Rb7 27. h5 h6 28. gxh6+ Rxh6 29. Rg2 Bf6 30. axb5 axb5 31. Kh1 Qd8 32. Rag1 Kh8 33. Rxg6 Rbh7 34. Rxh6 Rxh6 35. Rg6 Kh7 36. Rxh6+ Kxh6 37. Qxb5 Kxh5 38. Qc6 Bxd4 39. Bxd4 Qxd4 40. Qxe6 Qd1+ 41. Kh2 Qxc2+ 42. Kg3 Qd3+ 43. Kh2 Qd2+ 44. Kh3 Qe3+ 45. Kg2 Qe2+ 46. Kg1 Qg4+ 47. Kh1 Qxf4 48. Qf7+ Kh4 49. Qf6+ Kg3 50. Qg7+ Qg4 51. Qe5+ Kf2 52. Qd4+ e3 0-1

[Event "Sheki op-B"]
[Site "Sheki"]
[Date "2025.06.24"]
[Round "8"]
[White "Jabbarli, Farid"]
[Black "Gurbanov, Huseyn"]
[Result "1/2-1/2"]
[WhiteElo "1801"]
[BlackElo "1812"]
[PlyCount "78"]
[EventDate "2025.06.19"]
[EventType "swiss"]
[EventRounds "9"]
[EventCountry "AZE"]
[SourceTitle "CB27_2025"]
[SourceDate "2025.07.02"]
[SourceVersion "1"]
[SourceVersionDate "2025.07.02"]
[SourceQuality "1"]

1. e4 c5 2. Nf3 Nc6 3. d4 cxd4 4. Nxd4 g6 5. c4 Bg7 6. Be3 Nf6 7. Nc3 0-0 8. Be2 d6 9. 0-0 Qa5 10. a3 Nxd4 11. Bxd4 Be6 12. b4 Qc7 13. Nd5 Bxd5 14. exd5 Nd7 15. Bxg7 Kxg7 16. Rc1 a5 17. Qb3 Kg8 18. Rfe1 Rfe8 19. Bf1 Qb6 20. Re3 axb4 21. axb4 Qd4 22. Rd1 Qf6 23. Rf3 Qe5 24. Re3 Qf6 25. Rf3 Qg7 26. Re3 Kf8 27. c5 dxc5 28. Bb5 Red8 29. Bxd7 Rxd7 30. bxc5 Qf6 31. h3 Rc8 32. Qb5 Rcc7 33. Red3 Qe5 34. Qb4 Kg8 35. Re3 Qf6 36. Red3 Qe5 37. Re3 Qf6 38. Rf3 Qe5 39. Qb5 Qf6 1/2-1/2